[Event "FRA-chT2 0910"]
[Site "France"]
[Date "2009.12.12"]
[Round "5.7"]
[White "Juglard, Eric"]
[Black "Srdoc, Nenad"]
[Result "1/2-1/2"]
[WhiteElo "2131"]
[BlackElo "1981"]
[PlyCount "81"]
[EventDate "2009.09.27"]
[EventType "team-tourn"]
[EventRounds "11"]
[EventCountry "FRA"]
[SourceTitle "EXT 2011"]
[Source "ChessBase"]
[SourceDate "2010.11.26"]
[SourceVersion "1"]
[SourceVersionDate "2010.11.26"]
[SourceQuality "1"]

1. d4 d5 2. Nc3 c6 3. e4 dxe4 4. Nxe4 Nf6 5. Nxf6+ gxf6 6. Nf3 Bf5 7. Bd3 Bxd3 8. Qxd3 e6 9. Bf4 Bd6 10. Bg3 Qc7 11. 0-0-0 Nd7 12. Kb1 0-0-0 13. c4 c5 14. Bxd6 Qxd6 15. Qa3 Qb6 16. d5 a6 17. Rhe1 Rde8 18. dxe6 fxe6 19. Re3 Qb4 20. Qxb4 cxb4 21. Nd4 Nc5 22. Rde1 e5 23. Nf5 Kc7 24. Rg3 Rhg8 25. Ne7 Rxg3 26. Nd5+ Kd6 27. hxg3 f5 28. Rh1 Ne4 29. Rxh7 Nxf2 30. Rxb7 Ne4 31. Nxb4 Nd2+ 32. Kc1 Nxc4 33. Nd3 Rg8 34. Ra7 Rxg3 35. Rxa6+ Kd5 36. Ne1 Re3 37. Nf3 e4 38. b3 exf3 39. bxc4+ Kxc4 40. gxf3 Rxf3 41. Kd2 1/2-1/2

[Event "FRA-chT2 South 0809"]
[Site "France"]
[Date "2008.11.22"]
[Round "2.4"]
[White "Nelis, Jean Francois"]
[Black "Juglard, Eric"]
[Result "1-0"]
[WhiteElo "2242"]
[BlackElo "2123"]
[PlyCount "35"]
[EventDate "2008.10.12"]
[EventType "team-tourn"]
[EventRounds "11"]
[EventCountry "FRA"]
[SourceTitle "EXT 2010"]
[Source "ChessBase"]
[SourceDate "2010.11.25"]
[SourceVersion "1"]
[SourceVersionDate "2010.11.25"]
[SourceQuality "1"]
[WhiteTeam "Monaco"]
[BlackTeam "Ramonville"]
[WhiteTeamCountry "FRA"]
[BlackTeamCountry "FRA"]

1. d4 Nf6 2. Bg5 d5 3. Bxf6 gxf6 4. e3 Bf5 5. Bd3 Bxd3 6. Qxd3 c6 7. Nf3 Nd7 8. c4 e6 9. Nc3 Bd6 10. cxd5 cxd5 11. e4 dxe4 12. Qxe4 Qb6 13. 0-0 0-0 14. d5 Kh8 15. dxe6 fxe6 16. Rad1 Ne5 17. Nxe5 Bxe5 18. Rd7 1-0

[Event "FRA-chT2 South 0809"]
[Site "France"]
[Date "2008.10.12"]
[Round "1.4"]
[White "Juglard, Eric"]
[Black "Thet, Sylvain"]
[Result "1-0"]
[WhiteElo "2123"]
[BlackElo "2016"]
[PlyCount "63"]
[EventDate "2008.10.12"]
[EventType "team-tourn"]
[EventRounds "11"]
[EventCountry "FRA"]
[SourceTitle "EXT 2010"]
[Source "ChessBase"]
[SourceDate "2010.11.25"]
[SourceVersion "1"]
[SourceVersionDate "2010.11.25"]
[SourceQuality "1"]
[WhiteTeam "Ramonville"]
[BlackTeam "Clermont Ferrand"]
[WhiteTeamCountry "FRA"]
[BlackTeamCountry "FRA"]

1. d4 d5 2. Nc3 Nf6 3. Bg5 Nbd7 4. Nf3 e6 5. e4 h6 6. Bxf6 Nxf6 7. e5 Ne4 8. Nd2 Nxd2 9. Qxd2 c5 10. Be2 Bd7 11. 0-0 Be7 12. Nd1 cxd4 13. Qxd4 Qc7 14. c3 0-0 15. b4 Rfc8 16. Rc1 a5 17. a3 axb4 18. axb4 Ra3 19. Bd3 f6 20. f4 Ba4 21. Bc2 fxe5 22. fxe5 Bg5 23. Qd3 Bxc2 24. Rxc2 Qxe5 25. Re2 Qd6 26. Qg6 Ra6 27. Rf7 Bf6 28. Rxf6 Ra1 29. Rf1 Qb6+ 30. Kh1 Rc6 31. Ree1 Qa6 32. Rf7 1-0

[Event "Tarbes op 11th"]
[Site "Tarbes"]
[Date "2003.04.21"]
[Round "9"]
[White "Juglard, Eric"]
[Black "Jossien, Arnaud"]
[Result "1/2-1/2"]
[WhiteElo "2186"]
[BlackElo "2340"]
[PlyCount "117"]
[EventDate "2003.04.19"]
[EventType "swiss"]
[EventRounds "9"]
[EventCountry "FRA"]
[SourceTitle "EXT 2004"]
[Source "ChessBase"]
[SourceDate "2003.11.25"]
[SourceVersion "1"]
[SourceVersionDate "2003.11.25"]
[SourceQuality "1"]

1. d4 d6 2. Nc3 Nf6 3. Bg5 Nbd7 4. e4 e5 5. f4 Be7 6. Nf3 h6 7. Bxf6 Bxf6 8. fxe5 dxe5 9. d5 0-0 10. Bc4 Qe7 11. Qe2 Qb4 12. 0-0-0 Nb6 13. Bb3 Bd7 14. h3 a5 15. g4 a4 16. a3 Qe7 17. Ba2 g6 18. Rdg1 Bg7 19. h4 Nc8 20. Nd1 Nd6 21. Nd2 b5 22. c3 c5 23. dxc6 Bxc6 24. Rg3 Qb7 25. Nf2 Rfc8 26. Kb1 Bd7 27. g5 h5 28. Rd1 Rab8 29. Rd3 Ne8 30. Nf1 Be6 31. Bxe6 fxe6 32. Rd7 Rc7 33. Qd3 Rbc8 34. Ne3 Bf8 35. Rxc7 Rxc7 36. Qd8 Qc6 37. Nc2 Rf7 38. Nd3 Bd6 39. Ncb4 Bxb4 40. axb4 Kf8 41. Nc5 Kg7 42. Rd7 Rxd7 43. Qxd7+ Qxd7 44. Nxd7 Nd6 45. Nc5 Kf7 46. Kc2 Nc4 47. b3 Ne3+ 48. Kb2 axb3 49. Kxb3 Ke7 50. Nd3 Kd6 51. Ne1 Nd1 52. Kc2 Nf2 53. c4 bxc4 54. Kc3 Nxe4+ 55. Kxc4 Kc6 56. b5+ Kb6 57. Nf3 Nd6+ 58. Kb4 Nxb5 59. Nxe5 1/2-1/2

[Event "Tarbes op 11th"]
[Site "Tarbes"]
[Date "2003.04.19"]
[Round "3"]
[White "Chassy, Philippe"]
[Black "Juglard, Eric"]
[Result "0-1"]
[WhiteElo "2121"]
[BlackElo "2186"]
[PlyCount "111"]
[EventDate "2003.04.19"]
[EventType "swiss"]
[EventRounds "9"]
[EventCountry "FRA"]
[SourceTitle "EXT 2004"]
[Source "ChessBase"]
[SourceDate "2003.11.25"]
[SourceVersion "1"]
[SourceVersionDate "2003.11.25"]
[SourceQuality "1"]

1. Nf3 Nf6 2. c4 g6 3. Nc3 Bg7 4. e4 d6 5. d4 0-0 6. Be2 e5 7. 0-0 Nbd7 8. Be3 Ng4 9. Bg5 Qe8 10. Nd5 f6 11. Nxc7 Qd8 12. Ne6 Qe7 13. Nxf8 Nxf8 14. Bd2 f5 15. dxe5 fxe4 16. Ne1 Qh4 17. Bf4 Nxe5 18. Bg3 Qf6 19. Nc2 Be6 20. Ne3 Nf7 21. Rb1 Rc8 22. Nd5 Qd8 23. b3 Ne5 24. Ne3 h5 25. h3 h4 26. Bh2 Qg5 27. Kh1 Rc6 28. Ng4 Nfd7 29. Qc1 Qe7 30. Qe3 Nxg4 31. Bxg4 Bxg4 32. hxg4 Nf6 33. Rbe1 Nxg4 34. Qxe4 Qg5 35. Bf4 Qh5 36. Qd5+ Qxd5 37. cxd5 Rc2 38. Bxd6 Nxf2+ 39. Rxf2 Rxf2 40. Rd1 Rxa2 41. Be7 Kf7 42. Bxh4 Ke8 43. Re1+ Kf8 44. Kh2 Rd2 45. d6 Bc3 46. Be7+ Kg7 47. Re3 Bb2 48. Rf3 Be5+ 49. Kh3 Bxd6 50. Bf6+ Kg8 51. Bc3 Rd5 52. Kg4 Be5 53. Bxe5 Rxe5 54. Rc3 Rb5 55. g3 Kg7 56. Kf4 0-1

[Event "FRA-chT3 Gr3 9900"]
[Site "France"]
[Date "2001.01.14"]
[Round "5"]
[White "De Sentenac"]
[Black "Juglard, Eric"]
[Result "0-1"]
[WhiteElo "2182"]
[BlackElo "2204"]
[PlyCount "138"]
[EventDate "1999.10.??"]
[EventType "team"]
[EventRounds "9"]
[EventCountry "FRA"]
[SourceTitle "EXT 2005"]
[Source "ChessBase"]
[SourceDate "2004.11.15"]
[SourceVersion "1"]
[SourceVersionDate "2004.11.15"]
[SourceQuality "1"]

1. Nf3 Nf6 2. c4 c5 3. Nc3 Nc6 4. g3 e5 5. Bg2 d6 6. 0-0 Be6 7. Qa4 h6 8. d3 Qd7 9. a3 Be7 10. Re1 0-0 11. e3 a6 12. Nd2 Nh7 13. Nd5 Bd8 14. f4 f5 15. b4 Nf6 16. Bb2 Rc8 17. bxc5 dxc5 18. fxe5 Nxd5 19. cxd5 Bxd5 20. Bxd5+ Qxd5 21. Qc4 Qxc4 22. Nxc4 Bc7 23. Rac1 Rcd8 24. Red1 Rd5 25. e4 fxe4 26. dxe4 Rxd1+ 27. Rxd1 b5 28. Nd6 Rd8 29. Kg2 c4 30. Bc3 Rd7 31. Rd5 Ne7 32. Rd2 Rd8 33. Kh3 Nc6 34. Rd5 Bb6 35. Nf5 Kh7 36. Rd6 Rxd6 37. exd6 g6 38. Ne7 Nd8 39. Kg4 Ne6 40. e5 Bc5 41. Bb2 a5 42. Nc6 b4 43. Nxa5 c3 44. Bc1 bxa3 45. Nb3 a2 46. d7 Be7 47. Na1 Nd4 48. Ba3 Bg5 49. h4 Bd8 50. Kf4 Kg7 51. Ke4 Nb5 52. Bb4 Kf7 53. Kd5 Nc7+ 54. Kd6 Nb5+ 55. Kc5 Nc7 56. Bxc3 Ke6 57. Kc6 Nd5 58. Bd4 Ne7+ 59. Kc5 Kxd7 60. Kc4 Ke6 61. Kb3 Nc6 62. Be3 h5 63. Kxa2 Bc7 64. Nb3 Bxe5 65. Bf2 Kf5 66. Nc5 Bd4 67. Nd3 Bxf2 68. Nxf2 Nd4 69. Nh3 Ne2 0-1

[Event "FRA-chT3 Gr3 9900"]
[Site "France"]
[Date "2000.12.10"]
[Round "4"]
[White "Juglard, Eric"]
[Black "Beaurain, Louis"]
[Result "1/2-1/2"]
[WhiteElo "2204"]
[BlackElo "1910"]
[PlyCount "110"]
[EventDate "1999.10.??"]
[EventType "team"]
[EventRounds "9"]
[EventCountry "FRA"]
[SourceTitle "EXT 2005"]
[Source "ChessBase"]
[SourceDate "2004.11.15"]
[SourceVersion "1"]
[SourceVersionDate "2004.11.15"]
[SourceQuality "1"]

1. d4 d5 2. Nc3 Bf5 3. f3 e6 4. e4 dxe4 5. fxe4 Bg6 6. Nf3 Bb4 7. Bd3 Ne7 8. Be3 c5 9. dxc5 Qa5 10. Qd2 Nbc6 11. Nd4 Bxc5 12. Nb3 Bxe3 13. Qxe3 Qe5 14. 0-0-0 0-0 15. g4 Nb4 16. h4 Ned5 17. Nxd5 exd5 18. h5 Bxe4 19. Bxe4 dxe4 20. Rd4 a5 21. Rxe4 Nxa2+ 22. Kb1 Qd5 23. h6 a4 24. Qd4 Qxd4 25. Nxd4 Nb4 26. Nf5 Nd5 27. Rd4 Nc7 28. Rd7 Ne6 29. hxg7 Rfd8 30. Rxb7 Rab8 31. Ra7 Ra8 32. Rxa8 Rxa8 33. Rf1 Ra7 34. Ka2 Nxg7 35. Nh6+ Kf8 36. Ka3 Rc7 37. Kxa4 Ne6 38. c3 Kg7 39. Nf5+ Kg6 40. Nd6 Rd7 41. Nc4 f6 42. b4 Rd3 43. Rc1 Kg5 44. b5 Kxg4 45. b6 Nd8 46. Na5 h5 47. b7 Nxb7 48. Nxb7 h4 49. Nc5 Rd2 50. Rg1+ Kf3 51. c4 f5 52. Ne6 h3 53. c5 Rg2 54. Rh1 h2 55. Nd4+ Ke4 1/2-1/2

[Event "FRA-chT2S"]
[Site "France"]
[Date "1997.??.??"]
[Round "4"]
[White "Juglard, Eric"]
[Black "Veysseyre, Didier"]
[Result "1/2-1/2"]
[WhiteElo "2260"]
[BlackElo "2215"]
[PlyCount "71"]
[EventDate "1997.??.??"]
[EventType "team"]
[EventRounds "9"]
[EventCountry "FRA"]
[SourceTitle "EXT 2007"]
[Source "ChessBase"]
[SourceDate "2006.11.23"]
[SourceVersion "1"]
[SourceVersionDate "2006.11.23"]
[SourceQuality "1"]
[WhiteTeam "Toulouse"]
[BlackTeam "Aix en Provence"]
[WhiteTeamCountry "FRA"]
[BlackTeamCountry "FRA"]

1. d4 Nf6 2. Nc3 d5 3. Bg5 e6 4. e4 Be7 5. e5 Nfd7 6. Bxe7 Qxe7 7. f4 0-0 8. Nf3 c5 9. Nb5 Nc6 10. c3 f6 11. Bd3 a6 12. Nd6 fxe5 13. fxe5 cxd4 14. cxd4 Nb6 15. 0-0 Nb4 16. Bxh7+ Kxh7 17. Qb3 Nc4 18. Qxb4 a5 19. Qc3 Bd7 20. h4 Nxd6 21. exd6 Qxd6 22. Ng5+ Kg8 23. Qd3 Rf5 24. Rf3 Raf8 25. Raf1 g6 26. g4 Bb5 27. Qxb5 Rxf3 28. Rxf3 Rxf3 29. Qe8+ Kg7 30. Nxf3 Qg3+ 31. Kh1 Qxf3+ 32. Kh2 Qf2+ 33. Kh3 Qf3+ 34. Kh2 Qf2+ 35. Kh3 Qf3+ 36. Kh2 1/2-1/2

[Event "FRA-chT2S"]
[Site "France"]
[Date "1997.??.??"]
[Round "3"]
[White "Prost, Frederic"]
[Black "Juglard, Eric"]
[Result "1-0"]
[WhiteElo "2190"]
[BlackElo "2260"]
[PlyCount "65"]
[EventDate "1997.??.??"]
[EventType "team"]
[EventRounds "9"]
[EventCountry "FRA"]
[SourceTitle "EXT 2007"]
[Source "ChessBase"]
[SourceDate "2006.11.23"]
[SourceVersion "1"]
[SourceVersionDate "2006.11.23"]
[SourceQuality "1"]
[WhiteTeam "Lyon"]
[BlackTeam "Toulouse"]
[WhiteTeamCountry "FRA"]
[BlackTeamCountry "FRA"]

1. d4 Nf6 2. c4 c5 3. d5 b5 4. cxb5 a6 5. b6 d6 6. Nc3 g6 7. e4 Nbd7 8. Nf3 Bg7 9. Be2 Nxb6 10. a4 a5 11. 0-0 0-0 12. h3 Ba6 13. Bxa6 Rxa6 14. Qe2 Ra7 15. Bg5 Rb7 16. Rfd1 Nfd7 17. Nb5 Qe8 18. Ra2 c4 19. Nbd4 Nc5 20. Nc6 Nbxa4 21. e5 dxe5 22. Nxa5 Rb4 23. Nc6 Rb7 24. Qxc4 e4 25. Nfd4 Nxb2 26. Rxb2 Rxb2 27. Qxc5 e5 28. Ne7+ Kh8 29. Ndc6 f6 30. Be3 Qd7 31. d6 Ra8 32. Qd5 Rba2 33. Qf7 1-0

[Event "Saint Affrique op"]
[Site "Saint Affrique"]
[Date "1994.??.??"]
[Round "?"]
[White "Juglard, Eric"]
[Black "Barbero, Gerardo F"]
[Result "0-1"]
[WhiteElo "2220"]
[BlackElo "2490"]
[PlyCount "44"]
[EventDate "1994.07.??"]
[EventType "swiss"]
[EventRounds "7"]
[EventCountry "FRA"]
[SourceTitle "EXT 1999"]
[Source "ChessBase"]
[SourceDate "1998.11.16"]
[SourceVersion "1"]
[SourceVersionDate "1998.11.16"]
[SourceQuality "1"]

1. d4 Nf6 2. Nc3 d5 3. Bg5 Nbd7 4. f3 h6 5. Bh4 c5 6. e4 cxd4 7. Bxf6 gxf6 8. Qxd4 dxe4 9. fxe4 e6 10. 0-0-0 a6 11. Nf3 Qc7 12. Bc4 Bc5 13. Qd3 b5 14. Bb3 Be7 15. Rhg1 Nc5 16. Qe2 Bd7 17. e5 f5 18. Nd4 b4 19. Nb1 Bg5+ 20. Nd2 Ne4 21. N4f3 Bb5 22. Qe1 Nxd2 0-1

[Event "FRA-chT"]
[Site "France"]
[Date "1991.??.??"]
[Round "?"]
[White "Adrian, Claude"]
[Black "Juglard, Eric"]
[Result "1-0"]
[WhiteElo "2260"]
[BlackElo "2210"]
[PlyCount "71"]
[EventDate "1991.??.??"]
[EventType "team"]
[EventRounds "12"]
[EventCountry "FRA"]
[SourceTitle "TD"]
[Source "ChessBase"]
[SourceDate "1994.03.01"]
[SourceVersion "1"]
[SourceVersionDate "1994.03.01"]
[SourceQuality "1"]

1. c4 Nf6 2. Nf3 g6 3. g3 Bg7 4. Bg2 d6 5. d4 0-0 6. 0-0 c5 7. Nc3 Na6 8. b3 Bg4 9. Bb2 Qc8 10. Qd2 Bh3 11. e4 Bxg2 12. Kxg2 cxd4 13. Nxd4 Nc5 14. Rfe1 Rd8 15. Rad1 e6 16. f3 a6 17. Qe2 Qc7 18. Nc2 Rac8 19. Ne3 Qc6 20. Rd2 h5 21. Red1 Kh7 22. b4 Na4 23. Nxa4 Qxa4 24. e5 Ng8 25. a3 a5 26. Rxd6 Rxd6 27. exd6 axb4 28. Bxg7 Kxg7 29. Qb2+ Nf6 30. axb4 b6 31. c5 Qc6 32. g4 e5 33. Qxe5 Re8 34. Qd4 bxc5 35. bxc5 Kh6 36. Qxf6 1-0

[Event "FRA-chT"]
[Site "France"]
[Date "1991.??.??"]
[Round "?"]
[White "Juglard, Eric"]
[Black "Kouatly, Bachar"]
[Result "0-1"]
[WhiteElo "2210"]
[BlackElo "2495"]
[PlyCount "40"]
[EventDate "1991.??.??"]
[EventType "team"]
[EventRounds "12"]
[EventCountry "FRA"]
[SourceTitle "TD"]
[Source "ChessBase"]
[SourceDate "1994.03.01"]
[SourceVersion "1"]
[SourceVersionDate "1994.03.01"]
[SourceQuality "1"]

1. d4 Nf6 2. Nc3 d5 3. Bg5 Nbd7 4. f3 c6 5. e4 dxe4 6. fxe4 Qb6 7. Qd2 e5 8. Nf3 exd4 9. Nxd4 Bb4 10. 0-0-0 0-0 11. Qe3 Re8 12. Bd3 h6 13. Bh4 Ng4 14. Qf4 Qxd4 15. Qxg4 Ne5 16. Qg3 Bxc3 17. bxc3 Qxc3 18. Rhf1 Bg4 19. Rde1 g5 20. Be2 Qa1+ 0-1

[Event "FRA-chT"]
[Site "France"]
[Date "1990.??.??"]
[Round "?"]
[White "Conquest, Stuart"]
[Black "Juglard, Eric"]
[Result "1-0"]
[WhiteElo "2465"]
[BlackElo "2260"]
[PlyCount "38"]
[EventDate "1990.??.??"]
[EventType "team"]
[EventRounds "11"]
[EventCountry "FRA"]
[SourceTitle "EXT 2007"]
[Source "ChessBase"]
[SourceDate "2006.11.23"]
[SourceVersion "1"]
[SourceVersionDate "2006.11.23"]
[SourceQuality "1"]

1. e4 e6 2. d4 d5 3. Nd2 Nf6 4. e5 Nfd7 5. f4 c5 6. c3 Nc6 7. Ndf3 Qb6 8. h4 cxd4 9. cxd4 Bb4+ 10. Kf2 f6 11. Be3 Nf8 12. a3 Be7 13. b4 Bd7 14. Ne2 Rc8 15. g4 a5 16. b5 Qxb5 17. Rb1 Qa6 18. a4 Qa7 19. exf6 gxf6 1-0

[Event "FRA-chT"]
[Site "France"]
[Date "1990.??.??"]
[Round "5"]
[White "Kirszenberg, Marc"]
[Black "Juglard, Eric"]
[Result "1-0"]
[WhiteElo "2235"]
[BlackElo "2260"]
[PlyCount "49"]
[EventDate "1990.??.??"]
[EventType "team"]
[EventRounds "11"]
[EventCountry "FRA"]
[SourceTitle "EXT 2007"]
[Source "ChessBase"]
[SourceDate "2006.11.23"]
[SourceVersion "1"]
[SourceVersionDate "2006.11.23"]
[SourceQuality "1"]

1. d4 Nf6 2. c4 c5 3. d5 b5 4. cxb5 a6 5. bxa6 Bxa6 6. Nc3 g6 7. Nf3 d6 8. g3 Bg7 9. e4 Bxf1 10. Kxf1 0-0 11. Kg2 Nbd7 12. Re1 Qb6 13. e5 Ng4 14. exd6 exd6 15. Qc2 Rfb8 16. Re2 Qb7 17. Bf4 Nge5 18. Nxe5 Nxe5 19. Rd1 Ra6 20. Ne4 f5 21. Nxd6 Rxd6 22. Bxe5 Bxe5 23. Rxe5 Qxb2 24. Qxc5 Qb6 25. Qxb6 1-0

[Event "FRA-chT"]
[Site "France"]
[Date "1989.??.??"]
[Round "?"]
[White "Cairou, Yannick"]
[Black "Juglard, Eric"]
[Result "1/2-1/2"]
[WhiteElo "1980"]
[BlackElo "2120"]
[PlyCount "81"]
[EventDate "1989.??.??"]
[EventType "team"]
[EventRounds "11"]
[EventCountry "FRA"]
[SourceTitle "TD"]
[Source "ChessBase"]
[SourceDate "1994.03.01"]
[SourceVersion "1"]
[SourceVersionDate "1994.03.01"]
[SourceQuality "1"]

1. d4 Nf6 2. c4 c5 3. d5 b5 4. cxb5 a6 5. bxa6 Bxa6 6. Nc3 g6 7. e4 Bxf1 8. Kxf1 d6 9. g3 Bg7 10. Kg2 0-0 11. Nf3 Nbd7 12. Re1 Qb6 13. h3 Ne8 14. Re2 Nc7 15. Rc2 Nb5 16. Nxb5 Qxb5 17. Bg5 Rfe8 18. Qd2 Ra4 19. Qe3 e6 20. Bh6 Bf6 21. dxe6 Rxe6 22. Ng5 Bd4 23. Qc1 Re7 24. b3 Ra8 25. Rb1 Qb7 26. Qf4 Ne5 27. Rd1 f6 28. Nf3 Nxf3 29. Qxf3 Qxe4 30. Qxe4 Rxe4 31. Be3 Bxe3 32. fxe3 Ra6 33. Kf3 Re6 34. g4 Kf7 35. Rd3 Re5 36. Rcd2 Ke6 37. e4 h5 38. Kf4 hxg4 39. hxg4 f5 40. gxf5+ gxf5 41. Re3 1/2-1/2

[Event "Belfort op"]
[Site "Belfort"]
[Date "1989.??.??"]
[Round "6"]
[White "Juglard, Eric"]
[Black "Depyl, Pascal"]
[Result "1/2-1/2"]
[WhiteElo "2205"]
[BlackElo "1940"]
[PlyCount "50"]
[EventDate "1989.07.??"]
[EventType "swiss"]
[EventRounds "9"]
[EventCountry "FRA"]
[SourceTitle "TD"]
[Source "ChessBase"]
[SourceDate "1994.03.01"]
[SourceVersion "1"]
[SourceVersionDate "1994.03.01"]
[SourceQuality "1"]

1. d4 d6 2. e4 Nf6 3. Nc3 g6 4. f4 Bg7 5. Nf3 0-0 6. Bc4 Nxe4 7. Nxe4 d5 8. Bd3 dxe4 9. Bxe4 Nd7 10. c3 Nf6 11. Bd3 c5 12. 0-0 cxd4 13. Nxd4 Ng4 14. Be2 Nh6 15. Be3 a6 16. Bf3 Qc7 17. Qe2 Nf5 18. Nxf5 Bxf5 19. Rad1 e5 20. Bd5 Rfe8 21. fxe5 Qxe5 22. g4 Be6 23. Bxb7 Rab8 24. Bf3 Bxa2 25. Rfe1 Qc7 1/2-1/2

[Event "FRA-chB"]
[Site "France"]
[Date "1989.??.??"]
[Round "?"]
[White "Juglard, Eric"]
[Black "Parmentier, Xavier"]
[Result "0-1"]
[WhiteElo "2205"]
[BlackElo "2250"]
[PlyCount "126"]
[EventDate "1989.??.??"]
[EventType "swiss"]
[EventRounds "11"]
[EventCountry "FRA"]
[SourceTitle "TD"]
[Source "ChessBase"]
[SourceDate "1994.03.01"]
[SourceVersion "1"]
[SourceVersionDate "1994.03.01"]
[SourceQuality "1"]

1. d4 Nf6 2. Nc3 d5 3. Bg5 Nbd7 4. f3 c6 5. e4 dxe4 6. fxe4 e5 7. dxe5 Qa5 8. exf6 Qxg5 9. fxg7 Bxg7 10. Qd2 Qxd2+ 11. Kxd2 Nc5 12. Bd3 Be6 13. Nge2 Rd8 14. Rad1 Bc4 15. Kc1 Bh6+ 16. Kb1 Nxd3 17. cxd3 Bxd3+ 18. Ka1 0-0 19. Ng3 Bc2 20. Rxd8 Rxd8 21. Re1 b5 22. Nf5 Bg5 23. h4 Bf6 24. e5 Bxf5 25. exf6 b4 26. Nd1 h5 27. b3 Kh7 28. Ne3 Re8 29. Rf1 Bd3 30. Rf3 Kg6 31. a3 bxa3 32. g4 hxg4 33. Nxg4 Be2 34. Rf4 Bxg4 35. Rxg4+ Kxf6 36. Ka2 Rh8 37. Kxa3 Ke5 38. Rc4 Rh6 39. Kb4 f5 40. Kc3 Rd6 41. Ra4 f4 42. Rxa7 f3 43. Rf7 Ke4 44. h5 Rh6 45. Kd2 Rxh5 46. Ke1 Rf5 47. Re7+ Re5 48. Rf7 Rb5 49. Rc7 c5 50. Re7+ Kd4 51. Rd7+ Kc3 52. Rf7 Rxb3 53. Rxf3+ Kb2 54. Rf4 Rd3 55. Ke2 Rd5 56. Ke3 Kc3 57. Ke2 c4 58. Rf8 Kc2 59. Ke3 c3 60. Rh8 Kb1 61. Rb8+ Kc1 62. Rb7 c2 63. Ke2 Re5+ 0-1

[Event "FRA-chT"]
[Site "France"]
[Date "1989.??.??"]
[Round "?"]
[White "Vareille, Francois"]
[Black "Juglard, Eric"]
[Result "1-0"]
[WhiteElo "2285"]
[BlackElo "2120"]
[PlyCount "69"]
[EventDate "1989.??.??"]
[EventType "team"]
[EventRounds "11"]
[EventCountry "FRA"]
[SourceTitle "TD"]
[Source "ChessBase"]
[SourceDate "1994.03.01"]
[SourceVersion "1"]
[SourceVersionDate "1994.03.01"]
[SourceQuality "1"]

1. d4 Nf6 2. c4 c5 3. d5 b5 4. Nf3 d6 5. cxb5 a6 6. e3 g6 7. Nc3 Bg7 8. a4 0-0 9. Ra3 axb5 10. Bxb5 Ba6 11. 0-0 Ne8 12. Bd2 Nc7 13. e4 Nd7 14. Qc1 f5 15. Bh6 fxe4 16. Bxg7 Kxg7 17. Ng5 Nf6 18. Bxa6 Rxa6 19. Ncxe4 Qd7 20. Rh3 h5 21. b3 Ncxd5 22. Rd1 Nxe4 23. Nxe4 Qf5 24. Qc4 Nf4 25. Rg3 Rb6 26. Qc3+ e5 27. Re1 Rfb8 28. Nd2 h4 29. Rf3 Qg4 30. g3 hxg3 31. fxg3 Rh8 32. Rxf4 Qh3 33. Nf3 g5 34. Rf7+ Kg8 35. Qc4 1-0

[Event "FRA-chT"]
[Site "France"]
[Date "1989.??.??"]
[Round "?"]
[White "Vincent, Stephane"]
[Black "Juglard, Eric"]
[Result "1-0"]
[WhiteElo "2305"]
[BlackElo "2120"]
[PlyCount "33"]
[EventDate "1989.??.??"]
[EventType "team"]
[EventRounds "11"]
[EventCountry "FRA"]
[SourceTitle "TD"]
[Source "ChessBase"]
[SourceDate "1994.03.01"]
[SourceVersion "1"]
[SourceVersionDate "1994.03.01"]
[SourceQuality "1"]

1. d4 Nf6 2. c4 c5 3. Nf3 g6 4. Nc3 Bg7 5. g3 0-0 6. Bg2 d5 7. dxc5 Qa5 8. 0-0 dxc4 9. Qd4 Be6 10. Ng5 Nd5 11. Qh4 h6 12. Nxe6 Nxc3 13. Nxf8 Nxe2+ 14. Kh1 Nxc1 15. Raxc1 Bxb2 16. Rc2 Bf6 17. Qxc4 1-0